Movies Quiz

Random Movies Quiz

Prime of Miss Jean Brodie: Characters Quiz Stats

 Plays Quiz not verified by Sporcle

Support Sporcle.
Go Orange.
Score 0/14 Timer 05:00
0 Plays Today
Hint Character % Correct
Schoolteacher in her PrimeMiss Jean Brodie
98.2%
Precocious SchoolgirlSandy Stranger
89%
Art TeacherMr. Teddy Lloyd
86.2%
Clueless SchoolgirlMary MacGregor
81.7%
Music TeacherMr. Gordon Lowther
75.2%
Attractive SchoolgirlJenny Grey
69.7%
Strict HeadmistressMiss Emmaline Mackay
68.8%
Hint Character % Correct
Outgoing SchoolgirlMonica MacClaren
67.9%
Chemistry TeacherMiss Lockhart
48.6%
Sewing TeacherMiss Ellen Kerr
44%
Sewing TeacherMiss Allison Kerr
42.2%
Silent SecretaryMiss Gaunt
35.8%
Physical Education TeacherMiss Campbell
16.5%
LibrarianMiss McKenzie
16.5%

You're not logged in!

Compare scores with friends on all Sporcle quizzes.
OR
Log In

From the Vault

Quick Quote Quintuplets

by Hejman

These are the quotes of legend.
Remove Ads.
Support Sporcle.
Get the best of Sporcle when you Go Orange. This ad-free experience offers more features, more stats, and more fun while also helping to support Sporcle. Thank you for becoming a member.

Show Comments

Extras

Created Sep 30, 2013SourceReportNominate
Tags:Maggie Smith

Top Quizzes Today


Score Distribution

Your Account Isn't Verified!

In order to create a playlist on Sporcle, you need to verify the email address you used during registration. Go to your Sporcle Settings to finish the process.

Report this User

Report this user for behavior that violates our Community Guidelines.

Details: